Southville International School and Colleges
Your cart is empty.
  • Cart
  • Lists
    Public lists Eva Luna New books Lux_list list_1
    Your lists Log in to create your own lists
  • Log in to your account
  • Your cookies
  • Search history
Southville International School and Colleges
  • Advanced search
  • Recent comments
  • Most popular
  • Libraries

Log in to your account

Log in with GOOGLE


If you do not have an external account, but do have a local account, you can still log in:

  1. Home
  2. MARC view: The small public library survival guide :
Normal view MARC view ISBD view

The small public library survival guide : (Record no. 15687)

[ view plain ]
MARC details
000 -LEADER
fixed length control field 02027cam a2200397 a 4500
001 - CONTROL NUMBER
control field 15184305
003 - CONTROL NUMBER IDENTIFIER
control field OSt
005 - DATE AND TIME OF LATEST TRANSACTION
control field 20140310182748.0
008 - FIXED-LENGTH DATA ELEMENTS--GENERAL INFORMATION
fixed length control field 080215s2008 ilu b 001 0 eng
010 ## - LIBRARY OF CONGRESS CONTROL NUMBER
LC control number 2008007425
020 ## - INTERNATIONAL STANDARD BOOK NUMBER
International Standard Book Number 9789746522151
040 ## - CATALOGING SOURCE
Original cataloging agency DLC
Transcribing agency DLC
Modifying agency DLC
043 ## - GEOGRAPHIC AREA CODE
Geographic area code n-us---
050 00 - LIBRARY OF CONGRESS CALL NUMBER
Classification number Z678.6
Item number .L36 2008
082 00 - DEWEY DECIMAL CLASSIFICATION NUMBER
Classification number M 025.1
Item number .L36 2008
100 1# - MAIN ENTRY--PERSONAL NAME
Personal name Landau, Herbert B.
245 14 - TITLE STATEMENT
Title The small public library survival guide :
Remainder of title thriving on less /
Statement of responsibility, etc Landau, Herbert B.
260 ## - PUBLICATION, DISTRIBUTION, ETC. (IMPRINT)
Place of publication, distribution, etc Chicago :
Name of publisher, distributor, etc American Library Association,
Date of publication, distribution, etc 2008.
300 ## - PHYSICAL DESCRIPTION
Extent viii, 159 p. ;
Dimensions 23 cm.
504 ## - BIBLIOGRAPHY, ETC. NOTE
Bibliography, etc Includes bibliographical references (p. 149-152) and index.
505 0# - FORMATTED CONTENTS NOTE
Formatted contents note Why this book is necessary -- Defining your library's role in your community : a market-oriented approach -- Translating community needs into a strategic plan -- Funding your library's plan -- Earning money through benefit events -- Obtaining noncash support from the community -- Granstmanship : the art of grant winning -- Ongoing marketing of your library and its programs -- Innovative library programming on a shoestring -- Staffing your library's plan -- Buying on the cheap -- Conclusion : is it worth all the effort?
521 ## - TARGET AUDIENCE NOTE
Target audience note
526 ## - STUDY PROGRAM INFORMATION NOTE
Reading level 1210L to 1700L
541 ## - IMMEDIATE SOURCE OF ACQUISITION NOTE
-- 1
541 ## - IMMEDIATE SOURCE OF ACQUISITION NOTE
-- 2
562 ## - COPY AND VERSION IDENTIFICATION NOTE
Number of copies For Circulation. 2 Copy Available in the Collection
650 #0 - SUBJECT ADDED ENTRY--TOPICAL TERM
Topical term or geographic name as entry element Public libraries
Geographic subdivision United States
General subdivision Administration.
650 #0 - SUBJECT ADDED ENTRY--TOPICAL TERM
Topical term or geographic name as entry element Small libraries
Geographic subdivision United States
General subdivision Administration.
650 #0 - SUBJECT ADDED ENTRY--TOPICAL TERM
Topical term or geographic name as entry element Libraries and community
Geographic subdivision United States.
650 #0 - SUBJECT ADDED ENTRY--TOPICAL TERM
Topical term or geographic name as entry element Library finance
Geographic subdivision United States.
650 #0 - SUBJECT ADDED ENTRY--TOPICAL TERM
Topical term or geographic name as entry element Libraries
Geographic subdivision United States
General subdivision Marketing.
856 41 - ELECTRONIC LOCATION AND ACCESS
Materials specified Table of contents only
Uniform Resource Identifier <a href="http://www.loc.gov/catdir/toc/ecip0811/2008007425.html">http://www.loc.gov/catdir/toc/ecip0811/2008007425.html</a>
906 ## - LOCAL DATA ELEMENT F, LDF (RLIN)
a 7
b cbc
c orignew
d 1
e ecip
f 20
g y-gencatlg
942 ## - ADDED ENTRY ELEMENTS (KOHA)
Source of classification or shelving scheme Library of Congress Classification
Koha item type Books
Call number prefix
Holdings
Withdrawn status Lost status Source of classification or shelving scheme Damaged status Home library Current library Shelving location Date acquired Total Checkouts Full call number Barcode Date last seen Copy number Price effective from Koha item type
    Library of Congress Classification   College Library College Library General Circulation Section 06/13/2012   Z 678.8 .L36 2008 C15077 05/15/2018 1 06/13/2012 Books
    Library of Congress Classification   College Library College Library General Circulation Section 05/18/2013   Z 678.8 .L36 2008 C15076 05/15/2018 2 05/18/2013 Books

The small public library survival guide :

APA

Landau H. B., . (2008). The small public library survival guide. Chicago: American Library Association.

Chicago

Landau Herbert B, . 2008. The small public library survival guide. Chicago: American Library Association.

Harvard

Landau H. B., . (2008). The small public library survival guide. Chicago: American Library Association.

MLA

Landau Herbert B, . The small public library survival guide. Chicago: American Library Association. 2008.

  • Place hold
  • Print
  • Cite
  • Add to your cart (remove)
  • Save record
    BIBTEX Dublin Core MARCXML MARC (non-Unicode/MARC-8) MARC (Unicode/UTF-8) MARC (Unicode/UTF-8, Standard) MODS (XML) RIS
  • More searches
    Search for this title in:
    Other Libraries (WorldCat) Other Databases (Google Scholar) Online Stores (Bookfinder.com) Open Library (openlibrary.org)

Exporting to Dublin Core...

SOUTHVILLE LIBRARY

Southville International School and Colleges Library

1281 Tropical Ave. Cor. Luxembourg St., BF Homes International, Las Pinas City

Tel. No. 8256374 / 252358 Loc. 117/146

Powered by Koha